01052nam a2200169Ia 4500008004100000020001500041050001900056100003400075245012000109250002200229260004700251300001800298500008100316505041100397650003300808650004100841120626s2007 mx 000 0 spa d a9681212983 aH62bG377 2007 aGarza Mercado, Arioe, autor. aManual de técnicas de investigación para estudiantes de Ciencias Sociales y Humanidadesc / Ario, Garza Mercado a1a. reimpresión aMéxicob: El Colegio de Méxicoc, 2009 a380 páginas aIncluye: Indice, Prefacio, Bibliografía citada al pie, Indice analítico  aI. La investigación II. El tema III. La hipótesis IV. El estado de las materias V. Revistas VI. El plan de trabajo VII. La delimitación del tema VIII. La bibliografía de la bibliografía IX. Los sistemas de información X. La biblioteca XI. Las (otras) obras de consulta XII. Los textos de trabajo XIII. Las citas XIV. Las falacias XV. La encuesta XVI. El escrito  aINVESTIGACIÓN xTÉCNICAS a INVESTIGACIÓN xCIENCIAS SOCIALES